Szczegóły MARC21

Umowa międzynarodowego przewozu drogowego towarów na podstawie CMR /

003 -Nazwa inst., której nr kontr. jest w polu 001 [,]
    • @
    • Nazwa instytucji, której n kontrolny jest w polu 001
    • NUKAT
005 -DATA I CZAS OSTATNIEJ MODYFIKACJI [,]
    • @
    • pole kontrolne
    • 20241231102752.0
020 -Międzynarod. znormalizowany nr książki - ISBN [ , ]
    • a
    • Numer ISBN
    • 9788326442636 Find
040 -Instytucja sporządzająca opis [ , ]
    • a
    • Instytucja, która sporządziła opis (NP)
    • OLSZT 003/DS
    • c
    • Instytucja, która sporządziła rekord (NP)
    • OLSZT 003/DSs
041 -Język dokumentu [0, ]
    • a
    • Język tekstu (P)
    • polski
    • b
    • Język streszczeń lub abstraktu (P)
    • angielski
942 -Rodzaj dokumentu [ , ]
    • c
    • Rodzaj dokumentu
    • Książka
100 -Hasło główne - nazwa osobowa [1, ]
    • a
    • Nazwa osobowa (NP)
    • Wesołowski, Krzysztof
    • c
    • Dopowiedzenie inne niż daty biograficzne (P)
    • (prawnik).
    • 9
    • KHW
    • 12873
245 -Strefa tytułu i oznaczenia odpowiedzialności [1,0]
    • a
    • Tytuł
    • Umowa międzynarodowego przewozu drogowego towarów na podstawie CMR / Find
    • c
    • Pozostałe elementy strefy tytułu i oznaczenia odpowiedzialności (NP)
    • Krzysztof Wesołowski.
250 -Strefa wydania [ , ]
    • a
    • Oznaczenie wydania (NP)
    • Stan prawny na 1 marca 2013 r.
260 -Strefa adresu wydawniczego [ , ]
    • a
    • Miejsce wydania (P)
    • Warszawa :
    • b
    • Nazwa wydawcy (P)
    • Lex a Wolters Kluwer business,
    • c
    • Data wydania (P)
    • 2013.
300 -Strefa opisu fizycznego [ , ]
    • a
    • Określenie formy książki i/lub objętość (NP)
    • 840, [4] s. ;
    • c
    • Format (NP)
    • 21 cm.
336 -Typ zawartości [ , ]
    • a
    • Termin opisujący typ zawartości
    • Tekst
    • b
    • Kod określający zawartość
    • txt
    • 2
    • Źródło (terminu i kodu)
    • rdacontent
337 -Typ mediów [ , ]
    • a
    • Tryb odtwarzania
    • Bez urządzenia pośredniczącego
    • b
    • Kod typu mediów
    • n
    • 2
    • Źródło (terminu i kodu)
    • rdamedia
338 -Typ/rodzaj nośnika [ , ]
    • a
    • Hasło opisujące typ nośnika
    • Wolumin
    • b
    • Kod typu nośnika
    • nc
    • 2
    • Źródło (terminu i kodu)
    • rdacarrier
490 -Strefa serii i książki wielotomowej - forma nie do wyszukiwania [1, ]
    • a
    • Tytuł (P)
    • Monografie Lex, Find
    • x
    • ISSN (NP)
    • 1897-4392
830 -Hasło dodatkowe serii i opisu książki wielotomowej - tytuł ujednolicony/tytuł [ ,0]
    • a
    • Tytuł ujednolicony/tytuł (NP)
    • Monografie - Wolters Kluwer Polska
    • x
    • ISSN
    • 1897-4392
    • 9
    • KHW
    • 931
504 -Uwaga dot. bibliogr. załącznikowej [ , ]
    • a
    • Uwaga dot. bibliografii załącznikowej
    • Bibliogr. s. 795-809.
504 -Uwaga dot. bibliogr. załącznikowej [ , ]
    • a
    • Uwaga dot. bibliografii załącznikowej
    • Wykaz aktów prawnych s. 831-836.
521 -Uwaga dot. przeznaczenia czytelniczego [8, ]
    • a
    • Uwaga dot. przeznaczenia czytelniczego
    • Dla prawników zajmujących się problematyką umowy przewozu, pracowników przedsiębiorstw przewozowych i spedycyjnych i ubezpieczycieli.
546 -Uwaga dot. języka [ , ]
    • a
    • Uwaga dot. języka
    • Streszcz. ang.
080 -Uniwersalna Klasyfikacja Dziesiętna [ , ]
    • 2
    • Identyfikator wydania tablic
    • UDC-P058
    • 9
    • UKD
    • 3393
    • a
    • Symbol klasyfikacji
    • 341.24
    • b
    • Dopowiedzenie
    • Porozumienia międzynarodowe. Traktaty, umowy międzynarodowe.
080 -Uniwersalna Klasyfikacja Dziesiętna [ , ]
    • 2
    • Identyfikator wydania tablic
    • UDC-P058
    • 9
    • UKD
    • 3645
    • a
    • Symbol klasyfikacji
    • 351.81
    • b
    • Dopowiedzenie
    • Nadzór nad komunikacją, łącznością i transportem. Ruch drogowy, kolejowy, lotniczy i wodny. Zarządzenia dotyczące ulic i mostów. Oświetlenie ulic. Sygnalizacja świetlna. Nadzór nad pojazdami. Kontrola stanu technicznego pojazdów. Służby ruchu lotniczego. Prawo pocztowe. Nadzór nad telekomunikacją
650 -Hasło przedmiotowe [ ,7]
    • a
    • Hasło przedmiotowe
    • Transport drogowy
    • x
    • Określnik rzeczowy
    • prawo.
    • 2
    • Źródło terminu
    • kaba
    • 9
    • KHW
    • 133763
650 -Hasło przedmiotowe [ ,7]
    • a
    • Hasło przedmiotowe
    • Transport międzynarodowy
    • x
    • Określnik rzeczowy
    • prawo.
    • 2
    • Źródło terminu
    • kaba
    • 9
    • KHW
    • 376111
980 -Symbol UKD [ , ]
    • a
    • UKD
    • 341.24:351.81
710 -Hasło dodatkowe - nazwa ciała zbiorowego [2, ]
    • a
    • Nazwa ciała zbiorowego lub nazwa geograficzna jako pierwszy element (NP)
    • Wolters Kluwer Polska.
    • 4
    • Kod relacji
    • pbl
    • 9
    • KHW
    • 52677
920 -ISBN [ , ]
    • a
    • ISBN
    • 978-83-264-4263-6 Find
Lokalizacja Data inwentaryzacji Sygnatura Numer inwentarzowy Status udost.
BSA2013-05-23SA.21996SA.219961
BSA2022-12-06SAM.1929SAM.1929-3
T2014-01-16T.14317T.14317-2
T2014-10-13TM.11516TM.11516-2
T2014-10-13TM.11517TM.11517-3
T2014-10-13TM.11518TM.11518-3
T2014-10-13TM.11519TM.11519-3
T2014-10-13TM.11520TM.11520-3
T2014-10-13TM.11521TM.11521-3
T2014-10-13TM.11522TM.11522-3
T2014-10-13TM.11523TM.11523-3
T2014-10-13TM.11524TM.11524-3
T2014-10-13TM.11525TM.11525-3
T2014-10-13TM.11526TM.11526-3
T2014-10-13TM.11527TM.11527-3
T2014-10-13TM.11528TM.11528-3
T2014-10-13TM.11529TM.11529-3
T2014-10-13TM.11530TM.11530-3